| 000 | 02947nam2a22004091 4500 | ||
|---|---|---|---|
| 001 | v19\rc\1820500 | ||
| 005 | 20080324153739.3 | ||
| 035 | _a(NLR Aleph) 005256668 | ||
| 090 |
_a5859057 _c5859057 |
||
| 100 | _a20071224d1907 |||y0rusy50 ca | ||
| 101 | 0 | _arus | |
| 102 | _aRU | ||
| 105 | _aah z |||e| | ||
| 200 | 1 |
_aПисьма В.А. Жуковского к императору Николаю I и к императрице Александре Феодоровне 1821-1852 гг. _aПисьма-дневники В.А. Жуковского 1814 и 1815 годов |
|
| 210 | _d1907 | ||
| 215 | _a[5], VI, 213, 88 с., 6 л. ил., факс. | ||
| 300 | _aЧасть текста на фр. и чеш. яз. | ||
| 423 | 0 |
_11010#$arus _12001#$aОтд. 2. В.А. Жуковский в Москве в 1837 году$fК.Я. Грот |
|
| 423 | 0 |
_11010#$arus$afre$acze _12001#$aЧешские переводы произведений В.А. Жуковского и статьи о его жизни и литературной деятельности$aН.В. Гоголь в чешской литературе]$fВ.А. Францев _153210$aЧешские переводы произведений Василия Андреевича Жуковского и статьи о его жизни и литературной деятельности _153210$aНиколай Васильевич Гоголь в чешской литературе _1700#1$aФранцев$bВ.А. |
|
| 461 | 0 |
_1001v19\rc\1820499 _12001#$aПамяти В.А. Жуковского и Н.В. Гоголя$eВып. 1$vВып. 1. [Отд. 1 |
|
| 517 | 0 | _aВ.А. Жуковский в Москве в 1837 году | |
| 532 | 1 | 0 | _aПисьма Василия Андреевича Жуковского к императору Николаю I и к императрице Александре Феодоровне 1821-1852 гг. |
| 532 | 1 | 0 | _aПисьма-дневники Василия Андреевича Жуковского 1814 и 1815 годов |
| 700 | 1 |
_aЖуковский _bВ. А. _cпоэт _f1783-1852 _gВасилий Андреевич _3RU\NLR\AUTH\775529 _7ca |
|
| 702 | 0 |
_aАлександра Федоровна _cимператрица российская _f1798-1860 _3RU\NLR\AUTH\7735340 _4570 _7ca |
|
| 702 | 0 |
_aНиколай _cимператор российский _dI _f1796-1855 _3RU\NLR\AUTH\779185 _4570 _7ca |
|
| 702 | 1 |
_aГоголь _bН. В. _f1809-1852 _gНиколай Васильевич _3RU\NLR\AUTH\773480 _4570 _7ca |
|
| 702 | 1 |
_aЖуковский _bВ. А. _cпоэт _f1783-1852 _gВасилий Андреевич _3RU\NLR\AUTH\775529 _4570 _7ca |
|
| 801 | 0 |
_aRU _bNLR _c20071224 _gpsbo |
|
| 801 | 0 |
_aRU _bRuMoRGB _c20071224 _2psbo |
|
| 801 | 1 |
_aRU _bProSoft-M _c20071224 _2rusmarc |
|
| 801 | 2 |
_aRU _bNLR _c20080321 _2rusmarc |
|
| 852 |
_aNLR _j132/64 |
||
| 852 |
_aNLR _j38.48.3.29 |
||
| 852 |
_aNLR _j103/260 |
||
| 942 | _cBOOK | ||
| 980 | _aNB | ||